Statistics for Slovakia Euro 2021 Squad

Click here to take the quiz!

General Stats

  • This quiz has been taken 23 times
  • The average score is 12 of 26

Answer Stats

PositionClubPlayer% Correct
GKNewcastle UnitedMartin Dubravka
87%
DFInter MilanMilan Skriniar
80%
MFIFK GoteborgMarek Hamsik
73%
MF1.FC KolnOndrej Duda
73%
MFNapoliStanislav Lobotka
73%
MFParmaJuraj Kucka
60%
GKFulhamMarek Rodak
60%
DFHertha BSCPeter Pekarik
53%
FWFerencvarosRobert Mak
53%
DFLech PoznanLubomir Satka
47%
MFSassuoloLukas Haraslin
47%
MFKRC GenkPatrik Hrosovsky
47%
MFFC GroningenTomas Suslov
47%
DFSparta PragueDavid Hancko
40%
GKLechia GdanskDusan Kuciak
40%
DFRCD MallorcaMartin Valjent
40%
FWFeyenoordRobert Bozenik
40%
DFSD HuescaDenis Vavro
33%
MFFC AugsburgLaszlo Benes
33%
MFSlovan BratislavaVladimir Weiss
33%
FWJablonecIvan Schranz
27%
MFMinnesota UnitedJan Gregus
27%
FWOmonoiaMichal Duris
27%
DFOmonoiaTomas Hubocan
27%
MFSlavia PragueJakub Hromada
20%
DFLiberecMartin Koscelnik
20%

Score Distribution

Percentile by Number Answered

Percent of People with Each Score

Your Score History

You have not taken this quiz